MARC details
| 000 -LEADER |
| campo de control de longitud fija |
04082nam a2200361 i 4500 |
| 001 - NÚMERO DE CONTROL |
| campo de control |
194900 |
| 003 - IDENTIFICADOR DE NÚMERO DE CONTROL |
| campo de control |
ES-MaACL |
| 005 - FECHA Y HORA DE LA ÚLTIMA TRANSACCIÓN |
| campo de control |
20250902225557.0 |
| 008 - DATOS DE LONGITUD FIJA--INFORMACIÓN GENERAL |
| campo de control de longitud fija |
240321s2023 sp d f 001 spa c |
| 017 ## - NÚMERO DE COPYRIGHT O DE DEPÓSITO LEGAL |
| Número de copyright o de depósito legal |
BI 1609-2023 |
| 020 ## - NÚMERO INTERNACIONAL ESTÁNDAR DEL LIBRO |
| Número Internacional Estándar del Libro |
9788492937981 |
| 040 ## - FUENTE DE CATALOGACIÓN |
| Centro catalogador/agencia de origen |
UCA-CSJ |
| Lengua de catalogación |
spa |
| Centro/agencia transcriptor |
ES-MaACL |
| 080 ## - NÚMERO DE LA CLASIFICACIÓN DECIMAL UNIVERSAL |
| Número de la Clasificación Decimal Universal |
316.37-053.7 |
| 245 00 - MENCIÓN DEL TÍTULO |
| Título |
Presente y futuro de la juventud española : |
| Resto del título |
una perspectiva socioeconómica / |
| Mención de responsabilidad, etc. |
Consuelo Mínguez Bosque, Ángel Soler Guillén, Robert Meneu Gaya, Enrique Devesa Carpio, Alicia Gómez Tello, José Ramos López, Antonio Pantoja Rodríguez (autores) ; Francisco Pérez García (Dir.) |
| 250 ## - MENCION DE EDICION |
| Mención de edición |
Primera edición: diciembre 2023 |
| 260 ## - PUBLICACIÓN, DISTRIBUCIÓN, ETC. |
| Lugar de publicación, distribución, etc. |
Bilbao : |
| Nombre del editor, distribuidor, etc. |
Fundación BBVA, |
| Fecha de publicación, distribución, etc. |
2023 |
| 300 ## - DESCRIPCIÓN FÍSICA |
| Extensión |
322 páginas ; |
| Dimensiones |
24 cm |
| 336 ## - TIPO DE CONTENIDO |
| Fuente |
rdacontent |
| Término de tipo de contenido |
texto |
| 337 ## - TIPO DE MEDIO |
| Fuente |
rdamedia |
| Nombre/término del tipo de medio |
sin mediación |
| 338 ## - TIPO DE SOPORTE |
| Fuente |
rdacarrier |
| Nombre/término del tipo de soporte |
volumen |
| 504 ## - NOTA DE BIBLIOGRAFÍA, ETC. |
| Nota de bibliografía, etc. |
Bibliografía: p. 295-305. -- Índices: p. 307-318. |
| 505 0# - NOTA DE CONTENIDO CON FORMATO |
| Nota de contenido con formato |
Introducción. -- 1. Perfiles básicos de la juventud. -- 2. Niveles educativos: mejoras y diferencias intrageneracionales. -- 3. Condiciones laborales. -- 4. La economía de los hogares de los jóvenes. -- 5. La situación laboral de la juventud y sus pensiones. -- 6. Las generaciones como objeto de estudio. -- Conclusiones. |
| 520 ## - RESUMEN, ETC. |
| Sumario, etc. |
La situación de la juventud española es preocupante debido, fundamentalmente, a las dificultades de inserción laboral que padece, como atestiguan desde hace años las elevadas tasas de paro, en especial de los menos cualificados. El problema se ha agravado en la última década, primero por el devastador efecto de la Gran Recesión y más recientemente porque la pandemia de la covid-19 interrumpió el proceso de creación de empleo que comenzó en 2014. El objetivo de esta publicación es analizar desde una perspectiva amplia la situación actual y las expectativas de futuro de la juventud española, fundamentalmente las que forman las llamadas generación Y y Z, basándose en la abundante evidencia empírica disponible. La riqueza documental y estadísticas actuales permiten prestar atención a las diferencias entre las generaciones jóvenes y el resto de grupos de edad. Asimismo, la monografía amplía el detalle de la investigación, analizando la heterogeneidad existente entre los jóvenes desde múltiples perspectivas. Estas diferencias existentes entre la juventud, que se manifiestan a través de sus diversas situaciones y oportunidades, están mayormente vinculadas a factores socioeconómicos y, de manera especialmente significativa, al nivel de formación alcanzado. Esta monografía selecciona entre esas múltiples aproximaciones a la problemática de la juventud las referidas a las principales dimensiones económicas y las sociales directamente relacionadas con las primeras. Así pues, quedan fuera del objetivo del trabajo otros muchos aspectos interesantes sobre los comportamientos y la situación de la juventud, que otros estudios consideran pero que están más alejados de la especialización del equipo investigador. La presente publicación puede resultar de gran valor no solo a investigadores, economistas y sociólogos especializados en el análisis de la juventud, sino al público en general y a los jóvenes pertenecientes a las generaciones objeto de estudio, que encontrarán aquí ideas de interés en relación con los temas referidos. Los resultados pueden ser relevantes para el diseño de políticas públicas de apoyo a la integración social y laboral de la juventud. |
| 650 00 - PUNTO DE ACCESO ADICIONAL DE MATERIA--TÉRMINO DE MATERIA |
| Término de materia o nombre geográfico como elemento de entrada |
Juventud- |
| Subdivisión general |
Situación económica- |
| Subdivisión geográfica |
España |
| 9 (RLIN) |
236524 |
| 700 ## - ENTRADA AGREGADA--NOMBRE PERSONAL |
| Nombre de persona |
Pérez García, Francisco |
| Término indicativo de función/relación |
Director |
| 9 (RLIN) |
236525 |
| 710 2# - ENTRADA AGREGADA--NOMBRE DE ENTIDAD CORPORATIVA |
| Nombre de entidad corporativa o nombre de jurisdicción como elemento de entrada |
Fundación BBVA |
| 9 (RLIN) |
4230 |
| 852 ## - LOCALIZACIÓN |
| Ubicación |
ES-MaACL |
| Ubicación en estantería |
Depósito J |
| Número de control de estantería |
N-9917 |
| Encuadernación |
Encuadernación rústica con solapas |
| Donativo/Legado |
Donación: Editorial |
| itemnumber |
205837 |
| 942 ## - ELEMENTOS DE ENTRADA SECUNDARIOS (KOHA) |
| Suprimir en OPAC |
No |
| Tipo de ítem Koha |
Libro impreso |